Việt Nam lãnh thổ và các vùng địa lý

Giới thiệu về đất nước, con người, tiềm năng thiên nhiên và nhân lực Việt Nam thông qua việc giới thiệu vị trí địa lí, sự đa dạng của cảnh quan, đặc điểm cư dân, kinh tế, việc tổ chức lãnh thổ theo vùng và đặc trưng kinh tế

Sparad:
Bibliografiska uppgifter
Huvudupphovsman: Lê Bá Thảo
Materialtyp: Bok
Språk:Vietnamese
Publicerad: H. Thế giới 2001
Upplaga:Tái bản lần thứ nhất
Ämnen:
Taggar: Lägg till en tagg
Inga taggar, Lägg till första taggen!
Thư viện lưu trữ: Mạng thư viện Đại học Đà Nẵng
LEADER 01464nam a22003858a 4500
001 000015262
003 11638
005 20120524070543.0
008 120524s2001 b 000 0 od
020 |c 65000đ  |d 2000b 
041 0 |a 9810 
041 0 |a vie 
080 |a 91(V) 
082 |a 915.97  |b LÊ-T 
084 |a Đ9(1)0  |b V300ệ 
100 1 |a Lê Bá Thảo 
245 1 0 |a Việt Nam lãnh thổ và các vùng địa lý  |c Lê Bá Thảo 
250 |a Tái bản lần thứ nhất 
260 |a H.  |b Thế giới  |c 2001 
300 |a 609tr : ảnh, bản đồ  |c 21cm 
520 |a Giới thiệu về đất nước, con người, tiềm năng thiên nhiên và nhân lực Việt Nam thông qua việc giới thiệu vị trí địa lí, sự đa dạng của cảnh quan, đặc điểm cư dân, kinh tế, việc tổ chức lãnh thổ theo vùng và đặc trưng kinh tế 
653 |a Vùng địa lí 
653 |a địa lí 
653 |a lãnh thổ 
653 |a Việt Nam 
OWN |a LSP 
AVA |a UDN50  |b LSP  |d 915.97 LÊ-T  |e available  |t Error 5001 Not defined in file expand_doc_bib_avail.  |f 3  |g 0  |h N  |i 0  |k 1 
999 |a From the UDN01 
AVA |a UDN50  |b LSP  |d 915.97 LÊ-T  |e available  |t Error 5001 Not defined in file expand_doc_bib_avail.  |f 3  |g 0  |h N  |i 0  |k 1 
TYP |a Monograph 
TYP |a Printed language 
980 |a Mạng thư viện Đại học Đà Nẵng